Médicos para el siglo XXI. Informe del grupo de estudio de la A.A.M.C, sobre la educación profesional general del médico y la preparación universitaria premédica. (Registro nro. 723)
[ vista simple ]
| 000 -LEADER | |
|---|---|
| fixed length control field | 01208 am a2200217 a 4500 |
| 005 - FECHA ULTIMA MODIFICACION | |
| control field | 20240628100501.0 |
| 008 - CAMPO DE CONTROL (LIBRO) | |
| fixed length control field | 100914s1985||||ve # f |||| 001 0 spa d |
| 020 ## - INTERNATIONAL STANDARD BOOK NUMBER | |
| ISBN | 9802651915 |
| 041 ## - CODIGO DE IDIOMA | |
| Código de idioma del texto/pista de sonido o título separado | spa |
| 092 ## - SIGNATURA TOPOGRAFICA DEWEY LOCAL | |
| número de clasificación | 610.09095 |
| libristica | 51 |
| sección | MED |
| 110 1# - ENTRADA PRINCIPAL-AUTOR CORPORATIVO | |
| Nombre de la institución, jurisdicción como entrada principal | Federación Panamericana de Asociaciones de facultades (escuelas) de Medicina. |
| 9 (RLIN) | 1461 |
| Información adicional | FEPAFEM |
| 245 ## - TITULO PROPIAMENTE DICHO | |
| Título | Médicos para el siglo XXI. Informe del grupo de estudio de la A.A.M.C, sobre la educación profesional general del médico y la preparación universitaria premédica. |
| Número de la parte/sección de la obra | N°6 / |
| Mención de responsabilidad y remanente de la transcripción de la portada | Federación Panamericana de Asociaciones de Facultades (escuelas) de Medicina. |
| 250 ## - MENCION DE EDICION | |
| Mención de edición | 1a ed. |
| Mención de responsabilidad relacionada con la ed. | Traducción Carlos Luís González. |
| 260 ## - PIE DE IMPRENTA | |
| Lugar de publicación, distribución, etc | Caracas [Venezuela]: |
| Nombre de la editorial, distribuidor, etc | Fondo Editorial FEPAFAM, |
| Fecha de publicación | 1985. |
| 300 ## - DESCRIPCION FISICA | |
| Extension | 81 p. |
| 500 ## - NOTA GENERAL | |
| Nota general | Federación Panamericana de asociaciones de Facultades (escuelas) de Medicina (FEPAFAM). (1985). Médicos para el siglo XXI. Informe del grupo de estudio de la A.A.M.C, sobre la educación profesional general del médico y la preparación universitaria premédica. N°6 (1a ed.). Caracas [Venezuela] : Fondo Editorial FEPAFEM. |
| 653 ## - TÉRMINO INDIZADO - PALABRAS CLAVES | |
| Palabra clave | Ciencias médicas |
| 653 ## - TÉRMINO INDIZADO - PALABRAS CLAVES | |
| Palabra clave | Formacion médica |
| 930 ## - NUMERO DE INVENTARIO | |
| Número de inventario | 533 |
| 942 ## - ADDED ENTRY ELEMENTS (KOHA) | |
| Source of classification or shelving scheme | Dewey Decimal Classification |
| Item type | Libros |
| Estado de retiro | Existencia | Estado general | No para prestamo | Ubicación permanente | ubicación actual | Sala de ubicación | Fecha de adquisición | Total Checkouts | Número de clasificación | Código de barras | Date last seen | Número de ejemplar | Price effective from | Koha tipo de elemento (item) |
|---|---|---|---|---|---|---|---|---|---|---|---|---|---|---|
| Biblioteca Medicina | Biblioteca Medicina | Circulación | 13/05/2011 | 610.09095 51 MED | 533 | 06/11/2014 | ej.1 | 13/05/2011 | Libros |